00470nam a2200157Ia 4500003000900000008004100009040001600050080002200066110001300088245009600101260002700197300002300224650002400247650001900271650002200290IN-BaIIA211028s9999 xx 000 0 eng d cIIA Library a621.391(035)bINT aIntersil 0aIntersil application handbookcIntersil Inc.  aU.S.A.bIntersilc1985 a[various pagings.] aIntegrated circuits aNASA thesaurus aSignal processing